Obras escogidas

Wedi'i Gadw mewn:
Manylion Llyfryddiaeth
Prif Awdur: Garducci Giosue
Fformat: Llyfr
Iaith:Undetermined
Cyhoeddwyd: Madrid, España Aguilar 1957
Pynciau:
Tagiau: Ychwanegu Tag
Dim Tagiau, Byddwch y cyntaf i dagio'r cofnod hwn!

MARC

LEADER 00000nam a2200000Ia 4500
008 170316s9999 xx 000 0 und d
040 |a cru BVZT 
090 |a 850 C-1o 
100 |a Garducci Giosue 
245 |a Obras escogidas 
260 |a Madrid, España 
260 |b Aguilar 
260 |c 1957 
300 |a 1190 páginas 
650 |a LITERATURA ITALIANA 
999 |c 8122  |d 8122 
942 |c 15 D  |h 850 C-1o  |2 z